Pays d'Asie par Drapeau et Première lettre - Statistiques

Statistiques générales
  • Ce quiz a été pris 392 fois
  • Le résultat moyen est 36 sur 48
Statistiques - réponses
Par images Réponse % Correct
Chine
84%
Chypre
84%
Arabie Saoudite
82%
Corée du Sud
82%
Géorgie
82%
Inde
82%
Japon
82%
Liban
82%
Népal
82%
Turquie
82%
Israël
81%
Qatar
81%
Cambodge
80%
Corée du Nord
80%
Viêt Nam
80%
Kazakhstan
79%
Bangladesh
78%
Bhoutan
78%
Sri Lanka
78%
Thaïlande
78%
Afghanistan
77%
Iran
77%
Laos
77%
Malaisie
77%
Pakistan
77%
Arménie
76%
Mongolie
76%
Singapour
75%
Bahreïn
74%
Indonésie
74%
Philippines
74%
Taïwan
74%
Turkménistan
72%
Ouzbékistan
71%
Irak
70%
Kirghizistan
70%
Azerbaïdjan
69%
Syrie
69%
Birmanie
68%
Brunei
68%
Émirats Arabes Unis
68%
Jordanie
68%
Tadjikistan
67%
Maldives
66%
Oman
65%
Yémen
65%
Koweït
64%
Timor Oriental
64%
Aucun quiz correspondant
Distribution des résultats
% des personnes avec chaque résultat
Percentile par nombre de réponses
Votre historique - résultats
Vous n’avez pas pris ce quiz